| 000 | 00498nam a2200157Ia 4500 | ||
|---|---|---|---|
| 003 | SGT | ||
| 020 | _a9780074637371 | ||
| 082 |
_a650.0285 _bMIL |
||
| 100 | _aMiller,Stewart S | ||
| 245 | _aAll is one SAP R/3 certification exam guide | ||
| 260 |
_bTata McGraw Hill Education Private Limited _aNew Delhi _c2005 |
||
| 300 | _a767p. | ||
| 650 | _aMANAGEMENT | ||
| 653 | _aINTRODUCTION,SAP PARTNER ACADEMY COURSE PREPARATION,LOGISTICS,PRODUCTION PLANNING (PP) SUPPLY-CHAIN MANAGEMENT | ||
| 942 |
_2ddc _cBK |
||
| 999 |
_c5619 _d5619 |
||